Eredivisie: 25+ Assists (2000-) - Statistics

General Stats
  • This quiz has been taken 9 times
  • The average score is 30 of 100
Answer Stats
Ranking Player Positions Nationality Matches Goals (assists) Periods Clubs % Correct
3 Hakim Ziyech MF, FW 216 79 (88) 2012-2020
100%
20 Christian Eriksen MF, FW 113 25 (44) 2009-2014
88%
1 Dušan Tadić MF, FW 295 119 (132) 2010-2013, 2018-2023
88%
12 Luis Suárez FW 139 91 (52) 2006-2011
88%
4 Luuk de Jong FW 337 192 (82) 2008-2011, 2014-2018, 2022-2025
88%
48 Siem de Jong MF, FW 258 71 (32) 2007-2013, 2016-2017, 2019-2022
88%
32 Dave van den Bergh MF, FW 184 29 (37) 2000-2006
75%
2 Steven Berghuis MF, FW 351 116 (93) 2010-2014, 2016-2025
75%
96 Arjen Robben MF, FW 108 25 (25) 2000-2003, 2020-2021
63%
24 Steven Bergwijn MF, FW 169 53 (39) 2014-2019, 2022-2025
63%
34 Danijel Pranjić DF, MF 129 32 (36) 2005-2009
50%
66 David Neres MF, FW 121 37 (29) 2016-2022
50%
5 Dirk Kuyt DF, FW 264 142 (74) 2000-2005, 2015-2017
50%
6 Jens Toornstra MF, FW 476 90 (74) 2009-2025
50%
47 Klaas-Jan Huntelaar FW 233 156 (32) 2002-2003, 2004-2008, 2017-2021
50%
7 Lasse Schöne MF 459 85 (70) 2007-2018, 2020-2025
50%
73 Sébastien Haller FW 148 77 (27) 2014-2016, 2020-2021, 2024-2025
50%
38 Wesley Sneijder MF 126 43 (34) 2002-2007
50%
21 Alireza Jahanbakhsh MF, FW 202 51 (43) 2013-2014, 2015-2017, 2021-2025
38%
63 Arouna Koné FW 116 47 (29) 2003-2008
38%
37 Balázs Dzsudzsák MF, FW 114 44 (35) 2007-2011
38%
62 Danko Lazović FW 154 52 (29) 2003-2004, 2006-2010
38%
29 Davy Klaassen MF 252 82 (37) 2011-2016, 2020-2025
38%
9 Dennis Rommedahl MF, FW 192 33 (59) 2000-2003, 2007-2010
38%
16 Dries Mertens MF, FW 127 53 (47) 2009-2013
38%
8 Joey Veerman MF, FW 175 28 (60) 2019-2025
38%
10 Kenneth Pérez MF, FW 269 88 (58) 2000-2010
38%
33 Mark van Bommel MF 164 48 (36) 2000-2004, 2012-2013
38%
53 Matthew Amoah FW 271 103 (31) 2000-2005, 2007-2011, 2013-2014
38%
58 Ricky van Wolfswinkel MF, FW 249 99 (30) 2007-2010, 2016-2017, 2021-2025
38%
83 Tim Matavž FW 223 90 (25) 2007-2013, 2017-2020
38%
59 Zakaria Labyad MF, FW 187 42 (30) 2009-2011, 2013-2014, 2016-2024
38%
28 Adam Maher MF 259 32 (38) 2010-2015, 2017-2022
25%
78 Adil Ramzi MF, FW 203 35 (26) 2000-2006, 2011-2013
25%
72 Andy van der Meyde MF, FW 86 18 (28) 2000-2003
25%
36 Blaise Nkufo FW 223 114 (35) 2003-2010
25%
99 Boldizsár Bodor DF 225 20 (25) 2004-2010, 2013-2014
25%
23 Bryan Linssen MF, FW 356 112 (39) 2010-2021, 2024-2025
25%
27 Cody Gakpo MF, FW 106 36 (38) 2017-2023
25%
67 Davy Pröpper MF 213 32 (29) 2009-2016, 2021-2024
25%
45 Denny Landzaat MF 281 63 (33) 2000-2005, 2007-2013
25%
39 Édouard Duplan MF, FW 250 33 (34) 2007-2018
25%
92 Jesper Karlsson FW 89 35 (25) 2020-2023
25%
82 Jetro Willems DF, MF 171 11 (26) 2011-2016, 2022-2024
25%
35 Jordy Clasie MF 334 18 (36) 2010-2014, 2018-2025
25%
87 Jürgen Locadia MF, FW 127 45 (25) 2012-2018
25%
60 Kevin Strootman MF 132 13 (30) 2007-2013
25%
44 Lex Immers MF, FW 304 63 (33) 2008-2015, 2017-2020
25%
11 Luciano Narsingh MF, FW 218 38 (54) 2008-2016, 2019-2021
25%
49 Mads Junker FW 187 65 (32) 2005-2012
25%
84 Marco van Ginkel MF, FW 227 58 (25) 2009-2012, 2015-2017, 2020-2024
25%
89 Miralem Sulejmani MF, FW 137 43 (25) 2007-2013
25%
70 Oussama Idrissi MF, FW 161 40 (28) 2015-2020, 2022-2023
25%
64 Saïd Boutahar MF 241 44 (29) 2001-2010
25%
31 Sam Larsson MF, FW 158 37 (37) 2014-2020
25%
88 Santi Kolk MF, FW 199 44 (25) 2000-2003, 2006-2009, 2011-2013
25%
15 Theo Janssen MF 332 50 (48) 2000-2014
25%
79 Thomas Bruns MF, FW 309 34 (26) 2010-2020, 2023-2025
25%
65 Tom Caluwé MF 260 43 (29) 2000-2009
25%
68 Urby Emanuelson DF, MF, FW 250 21 (29) 2004-2010, 2017-2021
25%
77 Vangelis Pavlidis MF, FW 165 85 (26) 2018-2024
25%
55 Wesley Verhoek MF, FW 199 24 (31) 2004-2006, 2008-2015
25%
50 Willie Overtoom MF 159 40 (32) 2008-2014
25%
85 Yannis Anastasiou FW 161 56 (25) 2000-2007
25%
43 Aaron Meijers DF, MF 394 10 (34) 2008-2009, 2011-2025
13%
100 Alexander Büttner DF, MF 187 15 (25) 2007-2011, 2016-2018, 2021-2022
13%
22 Anouar Hadouir MF, FW 303 41 (42) 2002-2010, 2012-2013, 2016-2019
13%
13 Anthony Lurling MF, FW 353 64 (52) 2000-2005, 2007-2014
13%
19 Barry van Galen MF 160 31 (45) 2000-2006
13%
54 Brandley Kuwas MF, FW 130 25 (31) 2015-2019
13%
93 Brett Holman MF, FW 183 34 (25) 2002-2003, 2006-2012
13%
56 Calvin Stengs MF, FW 119 22 (31) 2016-2020, 2023-2025
13%
76 Danny Holla MF 217 30 (27) 2006-2013, 2016-2018
13%
40 Demy de Zeeuw MF 190 25 (34) 2005-2010, 2014-2015
13%
61 Guus Til MF, FW 200 67 (29) 2016-2018, 2021-2025
13%
74 Gyrano Kerk MF, FW 142 36 (27) 2014-2015, 2016-2022
13%
95 Iliass Bel Hassani MF, FW 196 27 (25) 2013-2019, 2021-2023
13%
97 Jatto Ceesay FW 121 23 (25) 2000-2006
13%
17 Jeremain Lens MF, FW 181 56 (46) 2006-2013
13%
71 Jesper Drost MF, FW 206 21 (28) 2012-2018, 2020-2021
13%
80 Luigi Bruins MF, FW 249 34 (26) 2006-2011, 2014-2019
13%
14 Maarten Martens MF 207 42 (50) 2004-2014
13%
75 Mark-Jan Fledderus DF, MF 311 32 (27) 2002-2017
13%
51 Marko Vejinović MF 240 24 (32) 2008-2018, 2020-2021, 2023-2024
13%
90 Martijn Meerdink MF 189 35 (25) 2000-2009
13%
26 Mats Seuntjens MF, FW 299 38 (39) 2011-2014, 2016-2018, 2020-2025
13%
91 Michel Vlap MF, FW 188 35 (25) 2016-2018, 2021-2025
13%
42 Mika Nurmela MF 120 20 (34) 2000-2002, 2005-2006
13%
52 Navarone Foor MF, FW 236 23 (32) 2011-2013, 2015-2019, 2022-2023
13%
46 Oussama Tannane MF, FW 151 35 (33) 2012-2015, 2018-2023
13%
86 Romano Denneboom FW 271 55 (25) 2000-2010
13%
81 Romeo Castelen MF, FW 136 28 (26) 2003-2006, 2013-2014, 2017-2018
13%
18 Roy Beerens MF, FW 258 43 (46) 2005-2013, 2017-2019
13%
41 Ruben Schaken MF, FW 199 21 (34) 2009-2017
13%
57 Ryan Koolwijk MF 236 15 (31) 2007-2008, 2010-2014, 2016-2018, 2021-2022
13%
94 Simon Gustafson MF, FW 146 32 (25) 2015-2022
13%
25 Vito van Crooy MF, FW 203 43 (39) 2017-2025
13%
98 Yassin Ayoub MF 180 21 (25) 2012-2019, 2022-2023
13%
69 Younes Namli MF, FW 186 19 (29) 2014-2018, 2021-2025
13%
30 Yuri Cornelisse FW 243 39 (37) 2000-2006, 2008-2010
13%
No matching quizzes found
Score Distribution
Percent of People with Each Score
Percentile by Number Answered
Your Score History
You have not taken this quiz